A day in the life of a garbage collector / (Record no. 7937)

MARC details
000 -LEADER
fixed length control field 00845nam a22002657a 4500
001 - CONTROL NUMBER
control field 7937
003 - CONTROL NUMBER IDENTIFIER
control field FISKH
005 - DATE AND TIME OF LATEST TRANSACTION
control field 20250814104938.0
008 - FIXED-LENGTH DATA ELEMENTS--GENERAL INFORMATION
fixed length control field 250814b cb ||||| |||| 00| 0 eng d
020 ## - INTERNATIONAL STANDARD BOOK NUMBER
International Standard Book Number 9780736846721
040 ## - CATALOGING SOURCE
Original cataloging agency FISKH
Language of cataloging eng
Transcribing agency FISKH
Modifying agency FISKH
050 ## - LIBRARY OF CONGRESS CALL NUMBER
Classification number HD8039.S257 L4
082 ## - DEWEY DECIMAL CLASSIFICATION NUMBER
Classification number 628.4
100 ## - MAIN ENTRY--PERSONAL NAME
Personal name Leboutillier, Nate
245 ## - TITLE STATEMENT
Title A day in the life of a garbage collector /
Statement of responsibility, etc. by Nate Leboutillier
260 ## - PUBLICATION, DISTRIBUTION, ETC.
Place of publication, distribution, etc. Minnesota :
Name of publisher, distributor, etc. Capstone Press,
Date of publication, distribution, etc. 2005.
300 ## - PHYSICAL DESCRIPTION
Extent 24 pages :
Other physical details color illustrations ;
Dimensions 21 cm
505 ## - FORMATTED CONTENTS NOTE
Formatted contents note L<br/>
520 ## - SUMMARY, ETC.
Summary, etc. Follows a garbage collector through his day and describes his occupation and what his job requires of him.<br/>
521 8# - TARGET AUDIENCE NOTE
Target audience note 520<br/>
Source Lexile <br/>
521 8# - TARGET AUDIENCE NOTE
Target audience note L<br/>
Source Raz-Plus<br/>
650 ## - SUBJECT ADDED ENTRY--TOPICAL TERM
Topical term or geographic name entry element Community Helpers
Form subdivision Occupations
General subdivision Informational
942 ## - ADDED ENTRY ELEMENTS (KOHA)
Source of classification or shelving scheme Dewey Decimal Classification
Koha item type Books
Suppress in OPAC No
Holdings
Withdrawn status Lost status Source of classification or shelving scheme Damaged status Not for loan Collection Home library Current library Shelving location Date acquired Total Checkouts Full call number Barcode Date last seen Date last checked out Copy number Price effective from Koha item type
    Dewey Decimal Classification     Non-Fiction Footprints International School Library Network Toul Kork Campus Footprints International School Library Network Toul Kork Campus TK Primary Library Room(4th Floor), Bookcase 3&4, Shelves 17-32, Yellow Books 08/14/2025 1 LEB 628.4 HD8039.S257 L4 FISTK02680 11/13/2025 10/23/2025 1 08/14/2025 Books